LIBRARY & INFORMATION CENTRE, KCAET, TAVANUR

ONLINE PUBLIC ACCESS CATALOGUE (OPAC)

Mathematics for higher national certificate / (Record no. 9499)

MARC details
000 -LEADER
fixed length control field 00506cam a2200205ua 4500
041 ## - LANGUAGE CODE
Language code of text/sound track or separate title eng
082 ## - DEWEY DECIMAL CLASSIFICATION NUMBER
Classification number 510.1
Item number GEA/MA
100 ## - MAIN ENTRY--AUTHOR NAME
Personal name Geary, A .
245 ## - TITLE STATEMENT
Title Mathematics for higher national certificate /
250 ## - EDITION STATEMENT
Edition statement 1 /
260 ## - PUBLICATION, DISTRIBUTION, ETC. (IMPRINT)
Place of publication London :
Name of publisher Longman Green and Co ,
Year of publication 1957.
300 ## - PHYSICAL DESCRIPTION
Number of Pages 336 ; .
700 1# - ADDED ENTRY--PERSONAL NAME
Personal name Hauden, H A .
700 1# - ADDED ENTRY--PERSONAL NAME
Personal name Lowry, H V .
942 ## - ADDED ENTRY ELEMENTS (KOHA)
Koha item type Books
Holdings
Withdrawn status Lost status Damaged status Home library Current library Date acquired Full call number Accession Number Koha item type
      KAUAET KAUAET 07/04/2012 510.1 4777 Books
free website counter